[Event "Jermuk FIDE GP"]
[Site "Jermuk"]
[Date "2009.08.16"]
[Round "7"]
[White "Gelfand, Boris"]
[Black "Inarkiev, Ernesto"]
[Result "1-0"]
[WhiteElo "2755"]
[BlackElo "2675"]
[Annotator "Postny,E"]
[PlyCount "107"]
[EventDate "2009.08.09"]
[EventType "tourn"]
[EventRounds "13"]
[EventCountry "ARM"]
[EventCategory "19"]
[SourceTitle "CBM 132"]
[Source "ChessBase"]
[SourceDate "2009.09.16"]
[SourceVersion "1"]
[SourceVersionDate "2009.09.16"]
[SourceQuality "1"]

1. d4 Nf6 2. c4 g6 3. Nc3 Bg7 4. e4 d6 5. Nf3 O-O 6. Be2 e5 7. O-O Nc6 8. d5
Ne7 9. b4 {One of the most principled lines against the King's Indian.} Nh5 10.
Re1 f5 11. Ng5 Nf6 12. f3 ({The solid move} 12. Bf3 {is out of fashion now.} {
After} c6 {Black had recently nothing to complain about.}) 12... c6 {This is
one of the main moves. The great King's Indian specialist Teimour Radjabov
prefers 12...Kh8 with good results. Here is one recent example:} (12... Kh8 13.
c5 h6 14. Ne6 Bxe6 15. dxe6 d5 16. exd5 Nfxd5 17. Nxd5 Qxd5 18. Qb3 Qxb3 19.
axb3 Nc6 20. Ra4 Rfe8 21. Bc4 a6 22. b5 axb5 23. Rxa8 Rxa8 24. Bxb5 Re8 25. Rd1
Rxe6 26. Rd7 Bf8 27. Rxc7 Bxc5+ 28. Kf1 Re7 29. Rxe7 Bxe7 30. Bb2 Nd4 31. Bxd4
exd4 $11 {1/2-1/2 Grischuk,A (2733)-Radjabov,T (2761)/Linares ESP 2009/The
Week in Chess 748 (44)}) 13. Be3 h6 {This line has bad statistics for Black.} (
{The more common line is} 13... Bh6 14. h4 cxd5 15. cxd5 Bd7 {which is
successfully employed by grandmaster Kotronias.}) 14. Ne6 Bxe6 15. dxe6 {
This is the point of White's previous play. By eliminating the important
light-squared bishop, White has secured himself from a potentially dangerous
assault on the kingside by g5-g4. Meanwhile, he is hoping to develop his play
on the light squares even at the price of a pawn (the Pe6 is, obviously,
doomed).} Qc7 (15... Ne8 $6 16. Qb3 Nc7 17. Rad1 Kh7 18. c5 d5 19. exd5 cxd5
20. Nxd5 Nexd5 21. Bc4 Qe7 22. Bxd5 Nxd5 23. Qxd5 $16 {1-0 Veingold,A (2432)
-Candela Perez,J (2411)/Burgas 2001/EXT 2002 (59)}) 16. b5 {Consequent. White
is going to open the b-file.} Rfd8 17. bxc6 bxc6 18. Qa4 Qc8 19. Rab1 Kh8 $146
{The Pe6 won't run away. Meanwhile, Black makes a useful move, moving the king
away from the dangerous diagonal a2-g8.} (19... Kh7 20. Red1 Qxe6 21. Rb7 Rd7
22. Qa6 Ne8 23. c5 d5 24. exd5 Nxd5 25. Bc4 $6 (25. Nxd5 Rxd5 26. Rxd5 Qxd5 27.
Kh1 $1 $14) 25... Nec7 26. Nxd5 Nxd5 27. Bxd5 Rxd5 28. Rxd5 Qxd5 29. Rxg7+ Kxg7
30. Qb7+ Kf6 31. Qxa8 Qd1+ 32. Kf2 Qc2+ 33. Ke1 Qb1+ 34. Ke2 Qxa2+ $11 {
1/2-1/2 Komljenovic,D (2499)-Kuzmin,A (2571)/Benasque 1999/EXT 2001 (42)}) 20.
Red1 g5 21. Qa3 (21. exf5 $6 {would allow Black to push forward his central
pawns.} Nxf5 22. Bf2 d5 23. Qa5 Qxe6 24. cxd5 cxd5 25. Nb5 Rac8 $132) 21...
Qxe6 {Black can't wait anymore with this capture since the Pd6 is hanging.} 22.
Rb7 g4 $6 (22... fxe4 23. fxe4 c5 $1 {[%cal Ge7c6,Gc6d4]} (23... Ng6 $6 24. g3
Nf4 25. gxf4 Qh3 26. Bf2 Ng4 27. Bxg4 Qxg4+ 28. Kf1 exf4 29. Ne2 $16) 24. Qa6 (
24. Rxa7 Rac8 $1 $132 {[%cal Ge7c6,Gc6d4]} (24... Rxa7 $6 25. Qxa7 Nc6 26. Qc7
Qd7 27. Qxd7 Rxd7 28. Rb1 $14)) 24... Ng6 25. Nb5 (25. g3 $2 {[%tqu "En","How
should Black continue?","","","g6f4","",10]} Nf4 $1 26. gxf4 Qh3 {compared to
the sub-line 23...Ng6, here Nc3 is also hanging.} 27. Rd3 Ng4 $40) 25... Nf4
26. Bxf4 exf4 27. Nxd6 Rd7 {The control over the dark squares should yield
Black reasonable compensation.}) 23. fxg4 $1 fxe4 24. g5 (24. h3 $6 Ng6 25.
Rxa7 Rxa7 26. Qxa7 d5 $132) (24. h4 $5 {was an interesting alternative, though
a bit unhuman, as it weakens the shelter of white's monarch.} Ng6 (24... Nxg4
$2 25. Bxg4 Qxg4 26. Rxe7 d5 27. cxd5 Bf8 28. Rf1 $18) 25. g5 hxg5 26. hxg5 Ng4
27. Nxe4 Nxe3 28. Qxe3 $16) 24... hxg5 25. Bxg5 Nf5 $6 (25... e3 $5 26. Bxe3
Nf5 27. Bg5 e4 {The idea of the pawn sacrifice is to open the diagonal for the
dark-squared bishop. Even if the compensation is not sufficient, Inarkiev
should have tried this.}) 26. Bxf6 $6 {Missing a much stronger tactical
opportunity.} (26. Nxe4 $3 Nxe4 27. Qh3+ Kg8 (27... Bh6 28. Bxd8 Rxd8 29. Bd3)
28. Bxd8 Rxd8 29. Bd3 $1 {winning the knight and remaining with an exchange up.
}) 26... Qxf6 27. Nxe4 Qh6 $2 {This natural move is a decisive mistake.
Ernesto should have attacked the Ne4 by 27...Qh4.} (27... Qh4 $1 28. Ng3 (28.
Qf3 Rf8 29. g3 Qh6 30. Qh5 Qxh5 31. Bxh5 Ne3 32. Rc1 d5 $13) 28... Nxg3 29.
hxg3 Qg5 30. Bf3 {White's position is still preferable as his king is a bit
better protected. But, the whole fight would be still ahead.}) 28. Rb3 $1 {
Black's king has no pawn shelter and it becomes very apparent after this
strong regrouping.} Kg8 29. Rh3 Qf4 30. Qd3 d5 31. cxd5 Rxd5 (31... cxd5 $2 32.
Rf1 Qxe4 33. Qxe4 dxe4 34. Bc4+ Kf8 35. Rxf5+ Ke8 36. Rh7 $18) 32. Qb1 Rxd1+
33. Bxd1 Nd4 34. Bb3+ Kf8 35. Bc4 $18 {White stabilized his position. All his
pieces are ideally placed and ready for an attack against the black monarch
which is extremely vulnerable.} Rd8 36. Rg3 a5 37. h3 Qf5 38. Qb7 $6 (38. Qb6
$1 {was winning on the spot as there is no defense against the deadly check on
c5.}) 38... Qd7 39. Qb6 Qe7 40. Qxa5 {White is still winning, but it will take
him some time.} Rb8 41. Kh2 Rd8 42. Qb6 Rd7 43. a4 {The a-pawn decides the
game. White's pieces are so well placed, that Black does not have a single
target to attack.} Rb7 44. Qa5 Rd7 45. Qe1 Ke8 46. a5 Kd8 47. a6 Kc8 48. Qb1
Qd8 49. Nd6+ $1 Kc7 50. Nf7 Rxf7 51. Qb7+ Kd6 52. Bxf7 Bh6 53. a7 Bf4 54. Qb8+
1-0

[Event "Negroponte op"]
[Site "Chalkis"]
[Date "2010.08.15"]
[Round "7"]
[White "Atalik, Suat"]
[Black "Ganguly, Surya Shekhar"]
[Result "1-0"]
[WhiteElo "2607"]
[BlackElo "2655"]
[Annotator "Atalik,S"]
[PlyCount "75"]
[EventDate "2010.08.09"]
[EventType "swiss"]
[EventRounds "9"]
[EventCountry "GRE"]
[SourceTitle "CBM 137 Extra"]
[Source "ChessBase"]
[SourceDate "2010.09.01"]
[SourceVersion "1"]
[SourceVersionDate "2010.09.01"]
[SourceQuality "1"]

1. d4 Nf6 2. c4 g6 3. Nc3 Bg7 {King's Indian Defence which Ganguly added
recently to his arsenal.} 4. e4 d6 5. Nf3 O-O 6. Be2 e5 7. O-O Nc6 8. d5 Ne7 9.
b4 {Bayonette attack is quite common these days.} Ne8 $5 {A particularly sharp
move.} (9... a5 {I sort of dislike this one but it is common as well.} 10. Ba3
$1 b6 $5 (10... axb4 11. Bxb4 Nd7 12. a4 Bh6 13. a5 f5 14. Bd3 Kh8 15. Re1 Ng8
(15... Nf6 16. c5 fxe4 17. cxd6 cxd6 18. Nxe4 Nxe4 19. Bxe4 Bf5 20. Rb1 Qd7 21.
h3 $14) (15... Rf7 $5 16. Nb5 $5) 16. h3 $1 (16. Nb5 $6 fxe4 17. Bxe4 Ngf6 18.
c5 Nxc5 19. Bxc5 dxc5 20. d6 Nxe4 21. Rxe4 Bf5 22. Rxe5 cxd6 23. Nxd6 Bf4 24.
Rd5 Bxd6 25. Rxd6 $11 {and the material is seriously reduced.}) 16... Ndf6 17.
c5 fxe4 18. Nxe4 Nxe4 (18... Nxd5 19. Ba3 $44) 19. Bxe4 Nf6 20. cxd6 cxd6 21.
Nd2 Bf5 22. Bf3 $13) 11. bxa5 Nh5 (11... Rxa5 12. Bb4 Ra8 13. a4 Ne8 14. Qb3 f5
15. a5 bxa5 16. Rxa5 Rb8 17. Rb5 Rxb5 18. cxb5 $14) 12. Re1 f5 {This is what I
feel like a critical position for the theory.} 13. Bb4 (13. Nd2 Nf6 14. Bd3 Bh6
(14... Rxa5 15. Bb4 Ra8 16. Nb5 $14) 15. Nb3 $13) 13... bxa5 14. Ba3 Nf4 (14...
Nf6 15. Bd3 fxe4 16. Nxe4 Bg4 17. Nxf6+ Rxf6 18. Be4 Nf5 19. Qd3 Rf7 20. Rab1
$14 {is known.}) 15. Bf1 fxe4 16. Nd2 $1 (16. Nxe4 Bg4) 16... Nd3 17. Bxd3 exd3
18. Nde4 Nf5 19. Qxd3 Ba6 (19... Bh6 20. Bc1 Bxc1 21. Raxc1 $14) 20. Nb5 Qd7
21. Rab1 $13 {and I can not say what white has accomplished so far.}) (9... Nh5
10. Re1 f5 (10... a5 11. bxa5 $1 {Now this one is good.} (11. Ba3 $6 axb4 12.
Bxb4 Nf4 13. Bf1 Bg4 14. h3 Bxf3 15. Qxf3 c5 16. dxc6 Nxc6 17. a3 $11) 11...
Rxa5 $1 (11... f5 12. Nd2 Nf6 13. c5 $1 Rxa5 (13... dxc5 $6 14. f3 $16) 14. Nb3
Ra8 15. f3 $16) (11... c5 12. Nd2) 12. Nd2 Nf4 13. Bf1 c5 14. a4 Ra6 15. Ra3
Nh5 $1 16. Nb5 Nf6 17. g3 Ne8 18. f4 $40 {and I believe in White's position.})
11. Ng5 Nf6 12. f3 $1 ({I find} 12. Bf3 {a toothless line.} c6 $1 $132) 12...
Kh8 (12... c6 13. Be3 Bh6 14. h4 cxd5 15. cxd5 Nh5 16. Rc1 f4 17. Bf2 $36) 13.
Rb1 $1 h6 (13... Nh5 14. c5 Nf4 15. Bc4 fxe4 16. Ngxe4 Nf5 17. g3 Nh3+ 18. Kg2
Nd4 19. Rf1 Bf5 20. Be3 $14) 14. Ne6 Bxe6 15. dxe6 fxe4 16. fxe4 Nc6 17. Nd5
Ng8 18. Qd3 $5 Nd4 19. Qh3 Re8 20. Bg4 c6 21. Nc3 Qe7 22. b5 Nxe6 23. Bxe6 Qxe6
24. Qxe6 Rxe6 25. bxc6 bxc6 26. Be3 Re7 27. c5 $36) 10. a4 $5 {Modern!} (10.
Nd2 f5 11. c5 Nf6 12. f3 $5 f4 13. Nc4 g5 14. a4 Ng6 15. Ba3 Rf7 16. a5 (16. b5
dxc5 17. Bxc5 Bf8 18. Bf2 h5 19. h3 Rg7 $40) 16... h5 17. b5 dxc5 18. b6 g4 $1
$13 {is terribly messy.}) 10... f5 11. a5 Nf6 12. Bg5 Nh5 13. Rc1 $146 {
After a long thought I might have chosen an inferior move.} (13. Ra3 $142 $1 {
The rook should defend my third rank} h6 14. Bxe7 Qxe7 15. g3 f4 16. Nh4 fxg3 (
{due to} 16... Qg5 17. Nb5 Rf7 18. Nxg6 Nf6 19. Nh4 Nxe4 20. Bh5 Re7 21. Ng6
Rf7 22. Nxe5 Bxe5 23. Bxf7+ Kxf7 24. Nxc7 Rb8 25. Ne6 $16) 17. hxg3 Nf4 18. Bg4
Bxg4 19. Qxg4 h5 20. Qd1 Bf6 21. Nf3 Nh3+ 22. Kg2) ({I did not like} 13. Nd2
Nf4 14. c5 h6 15. Bxf4 exf4 16. Rc1 fxe4 17. cxd6 cxd6 18. Ncxe4 Nf5 $13) (13.
exf5 gxf5 14. Qd2 Nf6 $13) ({either} 13. c5 Nf4) 13... h6 14. Bxe7 Qxe7 15. g3
(15. exf5 $6 Bxf5 16. g3 Bh3 17. Nh4 Nf4 $1 $40) 15... Nf6 $2 {An awful move
which seals the fate of this important game a little bit too early.} (15...
fxe4 $6 16. Nxe4 Bh3 17. Re1 Nf6 18. Nfd2 $16) ({He had to seize his chance
with} 15... f4 $1 {which he only noticed after the game.} 16. Nh4 Qg5 (16...
fxg3 17. hxg3 Nf4 (17... Qg5 18. Bxh5 gxh5 19. Nb5 Rf7 20. c5 a6 21. cxd6 axb5
22. dxc7 $44) 18. Bg4 Bxg4 19. Qxg4 h5 20. Qd1 Bf6 21. Nf3 Nh3+ 22. Kg2 Qd7 23.
Rh1 Ng5 24. Nh4 Qf7 25. Qe2 $14) 17. Bxh5 (17. Nxg6 $2 fxg3 18. Nxf8 Bh3 $19)
17... gxh5 18. Nb5 (18. Nf5 Bxf5 19. exf5 Qxf5 20. Qf3 fxg3 21. Qxf5 gxh2+ 22.
Kxh2 Rxf5) 18... Rf7 19. c5 a6 20. cxd6 axb5 21. dxc7 $44) 16. Nh4 Qf7 17. exf5
gxf5 18. f4 e4 $2 {Black has to keep the position more fluid with} (18... exf4
19. Rxf4 Qe8 20. Qd3 Nh5 21. Bxh5 $5 Qxh5 22. Rcf1 Be5 23. R4f2 f4 24. Ng6 $16)
19. Nb5 a6 (19... Ng4 20. Bxg4 fxg4 21. f5 $18) 20. Nd4 Nh7 (20... Ne8 21. c5)
21. c5 Rd8 22. c6 $1 $18 {This leaves Black with two many weaknesses.} Qf6 23.
Ne6 {Solid but as effective} ({as} 23. Nhxf5 Bxf5 24. Nxf5 Qxf5 25. cxb7 Rab8
26. Rxc7 Nf6 (26... Rd7 27. Bg4) 27. b5 $1 $18) 23... Bxe6 24. dxe6 (24. cxb7
Qd4+ (24... Rab8 25. dxe6) (24... Bf7 25. bxa8=Q Rxa8 26. Rxc7) 25. Qxd4 Bxd4+
26. Kg2 Bxd5 27. bxa8=Q Bxa8 28. Nxf5 c5 29. Rfd1 $18) 24... Qxe6 (24... bxc6
25. Rxc6 d5 26. Bxa6 Nf8 27. Qh5 Qd4+ 28. Kg2 $18 {should also wins the game.})
25. cxb7 Rab8 26. Rc6 $1 ({The text is even stronger than} 26. Rxc7 d5 27. b5
$18) 26... Kh8 27. Bc4 Qf6 $5 ({I was expecting} 27... Qe8 28. Qd5 Rxb7 (28...
Nf6 29. Qxf5 d5 (29... Qxc6 30. Ng6+ Kh7 31. Nf8+ Kh8 32. Qh7+ Nxh7 33. Ng6#)
30. Bxa6 $18 Qxc6 $140 $2 31. Ng6+ Kg8 32. Ne7+) 29. Qg8+ $1 Qxg8 30. Ng6#) 28.
Bxa6 {I did not want to give him the slightest chance.} (28. Rxc7 d5 29. Bxd5
Nf8 (29... Qd4+ 30. Qxd4 Bxd4+ 31. Kg2 Rxd5 32. Ng6+ Kg8 33. Ne7+ $18) 30. Kh1
Qd6 31. Rxg7 $18) 28... Nf8 29. Qd5 Ng6 (29... Ne6 30. Nxf5) 30. Nxg6+ (30.
Nxf5 $18 {is also possible.}) 30... Qxg6 31. Rxc7 h5 32. Qf7 $1 {Simplest of
all.} (32. Bb5 h4 33. a6 hxg3 34. a7 gxh2+ 35. Kh1 $18) 32... Qxf7 33. Rxf7 d5
(33... Bc3 34. Rxf5 d5 35. Rc1 d4 36. Rf7 Bxb4 37. Rcc7 $18) 34. Rxf5 Rd6 35.
Rxh5+ Kg8 36. Rc1 Bd4+ 37. Kf1 Ba7 38. b5 (38. Rc8+ Kg7 39. Rhh8 $18) 1-0

[Event "Bundesliga 1112"]
[Site "Germany"]
[Date "2011.11.19"]
[Round "4.3"]
[White "Landa, Konstantin"]
[Black "Saric, Ivan"]
[Result "1-0"]
[WhiteElo "2639"]
[BlackElo "2643"]
[Annotator "RR"]
[PlyCount "65"]
[EventDate "2011.10.14"]
[EventType "team-tourn"]
[EventRounds "15"]
[EventCountry "GER"]
[SourceTitle "CBM 146"]
[Source "ChessBase"]
[SourceDate "2012.01.18"]
[SourceVersion "1"]
[SourceVersionDate "2012.01.18"]
[SourceQuality "1"]
[WhiteTeam "Muelheim Nord"]
[BlackTeam "Hockenheim"]
[WhiteTeamCountry "GER"]
[BlackTeamCountry "GER"]

1. d4 Nf6 2. c4 g6 3. Nc3 Bg7 4. e4 d6 5. Be2 O-O 6. Nf3 e5 7. O-O Nc6 8. Be3
Ng4 9. Bg5 f6 10. Bh4 Nh6 11. dxe5 dxe5 12. c5 Kh8 13. Qa4 Bg4 14. Rfd1 Qe7 15.
Nd5 Qf7 16. Bg3 Bxf3 17. Bxf3 f5 18. Be2 Nd4 19. Rxd4 exd4 20. Bc4 Qe8 21. Qb4
f4 22. Nxf4 Qxe4 23. Ne6 d3 $2 (23... Nf5 24. Re1 Qc2 $14) 24. Nxg7 $18 Kxg7
25. Re1 Qf5 26. Be6 Qg5 27. Be5+ Rf6 28. f4 Qxe5 29. Rxe5 Re8 30. Bb3 Rd8 31.
Re7+ Kf8 32. Rxh7 a5 33. Qc3 1-0